00727nam a2200253Ia 4500003000900000008004100009040001300050040001300063041000800076100002200084100000800106245003300114250001100147260000900158260000900167300001100176300000900187300001200196490003800208490000600246942000700252999001700259952019700276IT-RoPAU120407s9999 xx 000 0 und d aIT-RoPAU cIT-RoPAU aita aGregorio di Nissa csan aOpere. A c. di C. Moreschini aTorino aUtet c1992 a679 p. bill. c23,5 cm aClassici delle religioni,sez. IV. v1 cBK c36352d36352 00102ddc406276_40000000000000071aPAULUSbPAULUSd2012-04-11l0o276.4r2012-04-11 00:00:00w2012-04-11yBKzInserito da: Anna In data: 12 settembre 2011 fondo: Via A.Severo 56 Progr:27912